[Event "PohÃ¡r mÄ›sta Å˜Ã­Ä�any 2020"]
[Site "MÄ›stskÃ© kulturnÃ­ stÅ™edisko U labutÄ›"]
[Date "2020.08.27"]
[Round "7.26"]
[White "Harcuba, Adam"]
[Black "Lhotska, Anna"]
[Result "1/2-1/2"]
[WhiteElo "1637"]
[BlackElo "1793"]
[PlyCount "0"]
[EventDate "2020.08.22"]

1. d4 Nf6 2. Nf3 c5 3. e3 g6 4. c3 Bg7 5. Bd3 O-O 6. O-O d5 7. Nbd2 b6 8. Ne5
Bb7 9. f4 Nbd7 10. Qe2 Ne4 11. Nxe4 dxe4 12. Bc2 Rc8 13. Bd2 Nxe5 14. fxe5 f6
15. exf6 exf6 16. Be1 f5 17. Bg3 Kh8 18. Bb3 cxd4 19. cxd4 Bd5 20. Qb5 Bxb3
21. Qxb3 Qd7 22. Rac1 g5 23. Rxc8 Rxc8 24. d5 Rc5 25. d6 h5 26. h3 Kh7 27. Rd1
Bh6 28. Rf1 Bf8 29. Rd1 Bh6 30. Rf1 1/2-1/2

[Event "PohÃ¡r mÄ›sta Å˜Ã­Ä�any 2020"]
[Site "MÄ›stskÃ© kulturnÃ­ stÅ™edisko U labutÄ›"]
[Date "2020.08.27"]
[Round "7.27"]
[White "Hozda, Max"]
[Black "Kuhnmund, Ivan"]
[Result "0-1"]
[WhiteElo "1630"]
[BlackElo "1682"]
[PlyCount "0"]
[EventDate "2020.08.22"]

1. d4 f5 2. Nf3 Nf6 3. g3 e6 4. Bg2 Be7 5. O-O O-O 6. Nc3 d5 7. Ne5 c5 8. e3
Nc6 9. f4 Qe8 10. Nb1 h6 11. c3 g5 12. h3 Nxe5 13. fxe5 Ne4 14. Bxe4 fxe4 15. b3
b6 16. Qe2 a5 17. Nd2 Rxf1+ 18. Qxf1 Ba6 19. Qg2 Bd6 20. Bb2 cxd4 21. exd4 Qg6
22. Qf2 Rf8 23. Qe3 Qh5 24. g4 Qh4 25. Kg2 h5 26. Qg3 hxg4 27. hxg4 Rf4 28. Rh1
Qxg4 29. Re1 Qh5 30. Rh1 Qe2+ 0-1

[Event "PohÃ¡r mÄ›sta Å˜Ã­Ä�any 2020"]
[Site "MÄ›stskÃ© kulturnÃ­ stÅ™edisko U labutÄ›"]
[Date "2020.08.27"]
[Round "7.28"]
[White "Studzinski, Boleslav"]
[Black "Chmelik, Ladislav"]
[Result "0-1"]
[WhiteElo "1678"]
[BlackElo "1774"]
[PlyCount "0"]
[EventDate "2020.08.22"]

1. e4 c5 2. Nf3 Nc6 3. d4 cxd4 4. Nxd4 e5 5. Nf3 Nf6 6. Nc3 h6 7. h3 Bb4 8. Bd3
O-O 9. O-O Bxc3 10. bxc3 d5 11. Nd2 Be6 12. Re1 d4 13. Bb2 Rc8 14. Nb3 dxc3
15. Bxc3 Nd4 16. Bb4 Re8 17. Nxd4 Qxd4 18. c3 Qd7 19. Qe2 a6 20. Red1 Qc6
21. Rd2 Red8 22. Rb1 Nxe4 23. Rdb2 Nxc3 24. Bxc3 Qxc3 25. Rc2 0-1

[Event "PohÃ¡r mÄ›sta Å˜Ã­Ä�any 2020"]
[Site "MÄ›stskÃ© kulturnÃ­ stÅ™edisko U labutÄ›"]
[Date "2020.08.27"]
[Round "7.29"]
[White "Feierfeil, Jiri"]
[Black "Konvalinka, Vladislav"]
[Result "0-1"]
[WhiteElo "1719"]
[BlackElo "1731"]
[PlyCount "0"]
[EventDate "2020.08.22"]

1. d4 d5 2. Bf4 Nf6 3. e3 c5 4. c3 Nc6 5. Bd3 Qb6 6. Qc1 Bg4 7. h3 Bh5 8. Nd2
e6 9. Ngf3 Be7 10. O-O O-O 11. dxc5 Bxc5 12. Nb3 Be7 13. Ne5 Rac8 14. Qd2 Rfd8
15. f3 Bd6 16. Nxc6 Rxc6 17. Nd4 Bxf4 18. Kh1 Bxe3 19. Qxe3 Rcc8 20. Rf2 Bg6
21. Bxg6 hxg6 22. g4 Re8 23. f4 Ne4 24. Rg2 e5 25. fxe5 Rxe5 26. Qf4 Rce8
27. Rf1 Qf6 28. Qxf6 Nxf6 29. Kh2 Ne4 30. Nf3 R5e7 31. Rd1 Nf6 32. g5 Nh5
33. Rd4 Re2 34. Rd2 Rxg2+ 35. Kxg2 f6 36. h4 Kf7 37. Kf2 Rd8 38. Rd4 Ke7 39. Ne1
fxg5 40. hxg5 Rf8+ 41. Nf3 Ke6 42. a4 Nf4 43. a5 Kd6 44. Rd2 Kc5 45. Rd4 Ne6
46. Rg4 d4 47. Kg3 dxc3 48. bxc3 Rf5 49. Kf2 Kb5 50. Ke3 Kxa5 51. Re4 Rxf3+
52. Kd2 Nxg5 53. Re5+ Ka4 54. Rxg5 Rxc3 55. Rxg6 Rc7 56. Kd3 Ka5 57. Kd4 b5
58. Rg5 Ka4 59. Rg1 b4 60. Ra1+ Kb5 61. Rg1 b3 62. Kd3 Kb4 63. Rg4+ Ka3 64. Rg6
a5 65. Ra6 a4 66. Rg6 b2 0-1